| 000 | 00806nam a22002417a 4500 | ||
|---|---|---|---|
| 999 |
_c96346 _d96346 |
||
| 005 | 20230626172543.0 | ||
| 010 | _a1516EN07 B-599333-355 ENG-115640 | ||
| 020 |
_a9788126554768 _c579.00 |
||
| 035 | _aB-599333-355 | ||
| 035 | _aEN-99172 | ||
| 037 |
_bAsian Book Centre/Ven _adpl |
||
| 037 | _bDBAD/PUB | ||
| 082 | _a658.15 | ||
| 100 | _aKapil, Sheeba | ||
| 245 |
_aFinancial Management/ _cby Sheeba Kapil |
||
| 260 |
_aNew Delhi _b Wiley _c2014 |
||
| 270 |
_a4435-36/7, Ansari Road, Daryaganj, _bNew Delhi _e110002 |
||
| 300 |
_a774p.: _c27cm(pbk) _bill. |
||
| 700 | _aResnick,Robert | ||
| 700 | _aKrane,Kenneth S. | ||
| 942 |
_2ddc _cEN _h658.15 _mKAP |
||